000 01075nam a2200301 4500
003 OSt
005 20260601193842.0
008 260507b1995 sp a|||| |||| 00| 0 spa d
020 _a9688872881
020 _a8425216435
020 _a9788425216435
040 _aICI
_bspa
_cICI
050 _aTA345
_bW6518
100 1 _aWong, Wucius,
_930939
240 1 _aPrinciples of form and design.
_lEspañol
245 1 _aFundamentos del diseño /
_cWucius Wong ; versión castellana de Homero Alsina Thevenet y Eugeni Rosell i Miralles
264 _bGustavo Gili,
_c1995
_aMéxico :
300 _a348 páginas
_c24cm.
336 _atexto
_2rdacontent
337 _asin medio
_2rdamedia
338 _avolumen
_2rdacarrier
500 _aReimpresiones: (8a, 2007) -- (10a, 2009) -- (13a, 2012) -- (2a, 1997) -- (2013)
500 _aTraduccion de: Principles of form and design
650 _aDiseño asistido por computadora
_vManuales
700 1 _aAlsina Thevenet, Homero,
_d 1922-
_e traductor
_930941
700 1 _aRosell i Miralles, Eugeni,
_etraductor
942 _2lcc
_cB
_n1
999 _c21502
_d21502